Human Anatomy & Physiology/ (Record no. 189021)

MARC details
000 -LEADER
fixed length control field 00541nam a2200181 4500
005 - DATE AND TIME OF LATEST TRANSACTION
control field 20220609153010.0
010 ## - LCCN (DPL NO)
LC control number ENG-133162
020 ## - INTERNATIONAL STANDARD BOOK NUMBER
Terms of availability 280.00
International Standard Book Number 978-93-87102-82-8
035 ## - SYSTEM CONTROL NUMBER
System control number EN-116694
037 ## - SOURCE OF ACQUISITION
Source of stock number/acquisition DBAD/PUB
082 ## - DEWEY DECIMAL CLASSIFICATION NUMBER
Classification number 612
100 ## - MAIN ENTRY--PERSONAL NAME
Personal name N. Rajasekar
245 ## - TITLE STATEMENT
Title Human Anatomy & Physiology/
Remainder of title N. Rajasekar
260 ## - PUBLICATION, DISTRIBUTION, ETC. (IMPRINT)
Place of publication, distribution, etc Tamil Nadu
Name of publisher, distributor, etc Shanlax Publications
Date of publication, distribution, etc 2018
270 ## - ADDRESS
Address 61,66 T.P.K. Main Road, Vasantha Nagar, Madhurai
City Tamil Nadu
Postal code 625003
300 ## - PHYSICAL DESCRIPTION
Extent 97pp.
Dimensions 22cm(pbk)
942 ## - ADDED ENTRY ELEMENTS (KOHA)
Source of classification or shelving scheme Dewey Decimal Classification
Item type English Books
Classification part 612
Call number suffix RAJ
Holdings
Withdrawn status Lost status Not for loan Collection code Home library Current library Date acquired Source of acquisition Cost, normal purchase price Full call number Barcode Copy number Cost, replacement price Koha item type
      Non-fiction Ashok Vihar Ashok Vihar 09/06/2022 DBAD/PUB 280.00 612 RAJ EN-116694 1 280.00 English Books

© Delhi Public Library
Hit Counter
free hit counter